| 000 | 00887nam a2200277Ia 4500 | ||
|---|---|---|---|
| 001 | dia_4544 | ||
| 003 | CHAP | ||
| 005 | 20251023153002.0 | ||
| 008 | 220117s1971 xx 000 0 und d | ||
| 010 | _a175205 | ||
| 040 | _cCHAP | ||
| 082 | _a691.7 P37 1971 | ||
| 100 |
_aParker, Harry _985588 |
||
| 245 |
_aCálculo simplificado de estructuras de acero / _c Harry Parker ; traducción José Miguel González Pérez-Yarza |
||
| 260 |
_aEspaña : _b Urmo, _c1971 |
||
| 300 | _a364 p. | ||
| 500 | _aMaterial fotocopiado | ||
| 650 |
_aAcero de construcción _9156146 |
||
| 650 |
_aConstrucciones metálicas _9156147 |
||
| 650 |
_aResistencia de materiales _996123 |
||
| 700 |
_aGonzález Pérez-Yarza, José Miguel, tr. _9156148 |
||
| 901 | _a691.7 P37 1971 | ||
| 902 | _aM | ||
| 905 | _a0000001971 sp amn 0000000000spa00 | ||
| 942 |
_cLIBRO _2ddc |
||
| 999 |
_c175205 _d175205 |
||